000 00294nam a22001337a 4500
082 _a001
_bSAT/W
100 _aSATHEESAN
245 _aWORLD FAMOUS WOMEN
250 _aFIRST
260 _aTHRISSUR
_bH&C PUBLISHING HOUSE
_c2009
300 _a48
650 _a FAMOUS WOMEN
_zTHRISSUR
942 _cBK
999 _c6393
_d6393